[Event "CYCC U12 w"]
[Site "Calgary CAN"]
[Date "2023.07.20"]
[Round "4.60"]
[White "Wangluo, Joanne"]
[Black "Xiao, Stephanie"]
[Result "1-0"]
[WhiteElo "799"]
[BlackElo "1129"]
[PlyCount "143"]
[EventDate "2023.07.19"]
[EventType "swiss"]
[EventRounds "7"]
[EventCountry "CAN"]

1. d4 d5 2. Nf3 Nf6 3. Bf4 Bf5 4. e3 e6 5. Bd3 Bg6 6. c3 Be7 7. Qe2 Nbd7 8.
Nbd2 c5 9. h3 c4 10. Bxg6 hxg6 11. e4 Nb6 12. O-O Qd7 13. Rfe1 O-O 14. Ne5 Qd8
15. Rad1 Bd6 16. b3 cxb3 17. axb3 Nfd7 18. Ndf3 Re8 19. c4 Nxe5 20. Nxe5 Nd7
21. Nxf7 Kxf7 22. Bxd6 dxe4 23. Qxe4 Nf6 24. Qf4 g5 25. Qg3 Rc8 26. Be5 Kg6 27.
h4 Nh5 28. Qxg5+ Qxg5 29. hxg5 Kxg5 30. d5 exd5 31. Rxd5 Nf6 32. Bxf6+ Kxf6 33.
Rxe8 Rxe8 34. Rd7 Rb8 35. g4 g5 36. Kg2 a6 37. Kg3 b5 38. Rd6+ Ke5 39. Rxa6
bxc4 40. bxc4 Rb3+ 41. f3 Rc3 42. Ra5+ Kf6 43. c5 Kf7 44. c6 Rxc6 45. Rxg5 Rc3
46. Rf5+ Kg6 47. Kh4 Rc1 48. Rh5 Rh1+ 49. Kg3 Rxh5 50. gxh5+ Kxh5 51. Kf4 Kg6
52. Ke5 Kf7 53. Kf5 Ke7 54. Kg6 Ke8 55. Kf6 Kf8 56. f4 Kg8 57. Ke7 Kg7 58. f5
Kg8 59. f6 Kh7 60. f7 Kg6 61. f8=Q Kg5 62. Qf7 Kg4 63. Qf6 Kg3 64. Qf5 Kg2 65.
Qf4 Kg1 66. Qf3 Kh2 67. Qg4 Kh1 68. Ke6 Kh2 69. Kf5 Kh1 70. Kf4 Kh2 71. Kf3 Kh1
72. Qg2# 1-0

[Event "CYCC U12 w"]
[Site "Calgary CAN"]
[Date "2023.07.20"]
[Round "4.61"]
[White "Doroshenko, Sophia"]
[Black "Guo, Lynette"]
[Result "1-0"]
[WhiteElo "1128"]
[BlackElo "974"]
[PlyCount "79"]
[EventDate "2023.07.19"]
[EventType "swiss"]
[EventRounds "7"]
[EventCountry "CAN"]

1. e4 e5 2. Bc4 Bc5 3. Nf3 Nc6 4. c3 Nf6 5. d3 h6 6. Nbd2 O-O 7. O-O d6 8. a4
a6 9. h3 Be6 10. b3 d5 11. exd5 Nxd5 12. Ne4 Be7 13. Re1 b5 14. axb5 axb5 15.
Rxa8 Qxa8 16. Bxb5 f5 17. Bxc6 Qxc6 18. Nxe5 Qb7 19. c4 fxe4 20. cxd5 Bxd5 21.
Ng6 Rf7 22. dxe4 Bxb3 23. Nxe7+ Rxe7 24. Qd8+ Kf7 25. Re3 c5 26. Rf3+ Kg6 27.
Qd6+ Re6 28. Qg3+ Kh7 29. Rxb3 Qxe4 30. Re3 Qc4 31. Bb2 Rg6 32. Qf3 Qc2 33. Be5
Qc4 34. Qf5 Qd5 35. Rg3 Qc6 36. Qxg6+ Qxg6 37. Rxg6 Kxg6 38. Kf1 Kf5 39. Bb2
Ke4 40. Ke2 1-0

[Event "CYCC U12 w"]
[Site "Calgary CAN"]
[Date "2023.07.20"]
[Round "4.62"]
[White "He, Caelyn"]
[Black "Li, Yeeshuen"]
[Result "0-1"]
[WhiteElo "1025"]
[BlackElo "1251"]
[PlyCount "60"]
[EventDate "2023.07.19"]
[EventType "swiss"]
[EventRounds "7"]
[EventCountry "CAN"]

1. e4 e5 2. Nf3 Nc6 3. d4 exd4 4. Nxd4 Bc5 5. Be3 Qf6 6. c3 Nge7 7. Bb5 Nxd4 8.
Bxd4 Bxd4 9. cxd4 Qb6 10. Bc4 Qxb2 11. Nd2 Qxd4 12. Rb1 c6 13. Be2 d5 14. Bf3
O-O 15. O-O Rd8 16. Nb3 Qxd1 17. Rfxd1 b6 18. Rb2 Bb7 19. Re2 dxe4 20. Rxe4
Rxd1+ 21. Bxd1 Nd5 22. Bg4 g6 23. h3 f5 24. Bxf5 gxf5 25. Re5 Rf8 26. Nd4 f4
27. Ne6 Rf6 28. Rg5+ Rg6 29. Rf5 Rxe6 30. Rg5+ Kf7 0-1

[Event "CYCC U12 w"]
[Site "Calgary CAN"]
[Date "2023.07.20"]
[Round "4.63"]
[White "Maslov, Ayla"]
[Black "Chan, Allison"]
[Result "1-0"]
[WhiteElo "931"]
[BlackElo "1081"]
[PlyCount "123"]
[EventDate "2023.07.19"]
[EventType "swiss"]
[EventRounds "7"]
[EventCountry "CAN"]

1. e4 e5 2. Nf3 Nc6 3. Bc4 Bc5 4. d3 d6 5. Nc3 h6 6. h3 Nf6 7. Be3 Nd4 8. O-O
O-O 9. a4 c6 10. Re1 Re8 11. Na2 d5 12. exd5 cxd5 13. Bb5 Nxb5 14. Bxc5 e4 15.
axb5 exf3 16. Qxf3 Bd7 17. Nc3 b6 18. Bd4 Re6 19. Rxe6 fxe6 20. Re1 Qe7 21.
Nxd5 Nxd5 22. Qxd5 exd5 23. Rxe7 Bxb5 24. Rxg7+ Kf8 25. Rh7 Re8 26. Rh8+ Kf7
27. Rxe8 Kxe8 28. Kh2 Bc6 29. Be3 h5 30. g4 h4 31. Bg5 a5 32. Bxh4 b5 33. f4
Kf7 34. g5 Bd7 35. Bf2 a4 36. Bc5 Kg6 37. h4 Kh5 38. Kg3 Bg4 39. g6 Be6 40. g7
Kg6 41. Bf8 Bg8 42. Kg4 Be6+ 43. Kf3 Bg8 44. Ke3 Kh5 45. Kd4 Kxh4 46. Kc5 Kg4
47. Kxb5 Kxf4 48. Kxa4 Ke3 49. b4 d4 50. b5 Kd2 51. b6 Kxc2 52. b7 Bb3+ 53. Kb4
Bd5 54. b8=Q Kxd3 55. Qg3+ Ke4 56. Bd6 Bg8 57. Qf4+ Kd3 58. Be5 Ke2 59. Bxd4
Kd1 60. Kc3 Ke2 61. Qe3+ Kf1 62. Qf2# 1-0

[Event "CYCC U12 w"]
[Site "Calgary CAN"]
[Date "2023.07.20"]
[Round "4.64"]
[White "Xiong, Victoria"]
[Black "Nguyen, Katherine"]
[Result "0-1"]
[WhiteElo "599"]
[BlackElo "921"]
[PlyCount "80"]
[EventDate "2023.07.19"]
[EventType "swiss"]
[EventRounds "7"]
[EventCountry "CAN"]

1. d4 d5 2. c4 c6 3. Nc3 Nf6 4. Bg5 e6 5. Bxf6 Qxf6 6. a3 g6 7. Nf3 Bg7 8. e3
Qe7 9. cxd5 cxd5 10. e4 dxe4 11. Nxe4 Nc6 12. Bb5 Bd7 13. a4 O-O 14. O-O a6 15.
Bxc6 Bxc6 16. Re1 Rad8 17. Qd2 e5 18. Ng3 Bxf3 19. gxf3 Qd7 20. Re4 exd4 21.
Rae1 Qxa4 22. Rg4 Rfe8 23. h4 Rxe1+ 24. Qxe1 Qb5 25. Qd2 d3 26. Rg5 Qxb2 27.
Ne4 Qxd2 28. Nxd2 Bh6 29. Rg4 Bxd2 30. Kh1 Bc3 31. Rg1 d2 32. Rd1 Re8 33. Kg2
Re1 34. Rxe1 dxe1=Q 35. Kg3 Be5+ 36. f4 Qc3+ 37. Kg2 Bxf4 38. f3 Qd2+ 39. Kh3
Qh2+ 40. Kg4 h5# 0-1

[Event "CYCC U12 w"]
[Site "Calgary CAN"]
[Date "2023.07.21"]
[Round "5.54"]
[White "Deepak, Laksshana"]
[Black "Chen, Shuang"]
[Result "1-0"]
[WhiteElo "1681"]
[BlackElo "1576"]
[PlyCount "67"]
[EventDate "2023.07.19"]
[EventType "swiss"]
[EventRounds "7"]
[EventCountry "CAN"]

1. e4 c5 2. Nf3 Nc6 3. d4 cxd4 4. Nxd4 g6 5. c4 Bg7 6. Be3 Nf6 7. Nc3 O-O 8.
Be2 d6 9. O-O Bd7 10. Nc2 Rc8 11. Rc1 Ne5 12. b3 b5 13. f4 Neg4 14. Bxa7 Qa5
15. Bd4 bxc4 16. b4 Qc7 17. h3 e5 18. fxe5 dxe5 19. Bc5 Rfd8 20. hxg4 Bxg4 21.
Qe1 Bxe2 22. Qxe2 Nh5 23. Qf2 Nf4 24. Bb6 Qd7 25. Bxd8 Nd3 26. Qe3 Nxc1 27.
Rxc1 Qxd8 28. Nd5 Qh4 29. Qh3 Qxh3 30. gxh3 Bf8 31. a4 c3 32. b5 Rc4 33. a5
Rxe4 34. Nf6+ 1-0

[Event "CYCC U12 w"]
[Site "Calgary CAN"]
[Date "2023.07.21"]
[Round "5.55"]
[White "Guan, Marie"]
[Black "Zhao, Erin"]
[Result "0-1"]
[WhiteElo "1291"]
[BlackElo "1613"]
[PlyCount "64"]
[EventDate "2023.07.19"]
[EventType "swiss"]
[EventRounds "7"]
[EventCountry "CAN"]

1. e4 c5 2. Nc3 Nc6 3. f4 e6 4. Nf3 d5 5. Bb5 Nge7 6. O-O a6 7. Bxc6+ Nxc6 8.
d3 Be7 9. Qe1 O-O 10. Qg3 Re8 11. Ne5 Nd4 12. Rf2 Bd7 13. Nf3 Nxf3+ 14. Qxf3
Bc6 15. f5 dxe4 16. Nxe4 Bf6 17. fxe6 Rxe6 18. Nxf6+ Rxf6 19. Qg4 Rxf2 20. Kxf2
Qf6+ 21. Qf4 Qg6 22. g3 Qh5 23. h4 Qd5 24. Bd2 Qg2+ 25. Ke1 Re8+ 26. Be3 Bf3
27. Qxf3 Qxf3 28. Kd2 Qxe3+ 29. Kc3 Qd4+ 30. Kd2 Qxb2 31. Rf1 Qb4+ 32. Kc1 Re2
0-1

[Event "CYCC U12 w"]
[Site "Calgary CAN"]
[Date "2023.07.21"]
[Round "5.56"]
[White "Leung, Katherine"]
[Black "Wang, April"]
[Result "0-1"]
[WhiteElo "873"]
[BlackElo "1287"]
[PlyCount "60"]
[EventDate "2023.07.19"]
[EventType "swiss"]
[EventRounds "7"]
[EventCountry "CAN"]

1. e4 c6 2. Nc3 d5 3. Nf3 dxe4 4. Nxe4 Nf6 5. Nxf6+ exf6 6. d4 Be6 7. Be2 c5 8.
c3 Nc6 9. Be3 cxd4 10. Nxd4 Bd5 11. O-O Be7 12. Bf3 Nxd4 13. Bxd4 O-O 14. Bxd5
Qxd5 15. Qg4 Qe6 16. Qxe6 fxe6 17. f4 Bd6 18. Rae1 Rfe8 19. g4 Re7 20. h4 h6
21. c4 Rc8 22. Rc1 b6 23. Be3 e5 24. fxe5 Bxe5 25. b4 Bb2 26. Rc2 Rxe3 27. Rxb2
Rxc4 28. g5 fxg5 29. hxg5 Rg3+ 30. Kh2 Rxg5 0-1

[Event "CYCC U12 w"]
[Site "Calgary CAN"]
[Date "2023.07.21"]
[Round "5.57"]
[White "Guan, Isabelle"]
[Black "Chen, Rae"]
[Result "0-1"]
[WhiteElo "1406"]
[BlackElo "1548"]
[PlyCount "112"]
[EventDate "2023.07.19"]
[EventType "swiss"]
[EventRounds "7"]
[EventCountry "CAN"]

1. e4 c5 2. Nf3 d6 3. d4 cxd4 4. Nxd4 Nf6 5. Nc3 g6 6. Bc4 Bg7 7. Be3 O-O 8.
Qd2 Ng4 9. O-O-O Nxe3 10. fxe3 Nc6 11. Rhf1 Ne5 12. Bb3 a6 13. h3 Bd7 14. Nf3
b5 15. Nxe5 Bxe5 16. Kb1 a5 17. a3 b4 18. Ne2 bxa3 19. Nd4 axb2 20. Nf3 Bg7 21.
e5 a4 22. Ba2 Bb5 23. Rfe1 a3 24. exd6 exd6 25. Nd4 Ba4 26. Nb3 Be5 27. Qb4 Bc6
28. Nd4 Bxg2 29. Rg1 Bxh3 30. Nc6 Qc7 31. Nxe5 dxe5 32. Qe4 Kh8 33. Qh4 Be6 34.
Qf6+ Kg8 35. Bxe6 fxe6 36. Qxe6+ Qf7 37. Qa2 Qxa2+ 38. Kxa2 Rf6 39. Rd3 Rb6 40.
Rb1 Rc6 41. Rd2 h5 42. Rh1 Kg7 43. Rg2 Kh6 44. Rgh2 Rac8 45. Kxa3 Rb8 46. Rh4
Ra6+ 47. Ra4 Rxa4+ 48. Kxa4 b1=Q 49. Rxb1 Rxb1 50. c4 h4 51. c5 h3 52. c6 h2
53. c7 h1=Q 54. c8=Q Qe4+ 55. Ka5 Qb4+ 56. Ka6 Qa4# 0-1

[Event "CYCC U12 w"]
[Site "Calgary CAN"]
[Date "2023.07.21"]
[Round "5.58"]
[White "Wang, Caitlin"]
[Black "Wangluo, Joanne"]
[Result "1/2-1/2"]
[WhiteElo "1150"]
[BlackElo "799"]
[PlyCount "133"]
[EventDate "2023.07.19"]
[EventType "swiss"]
[EventRounds "7"]
[EventCountry "CAN"]

1. e4 d5 2. exd5 Qxd5 3. Nc3 Qd6 4. d4 c6 5. Nf3 Bg4 6. Be2 Nf6 7. Be3 Nbd7 8.
Qd2 e6 9. Bf4 Qb4 10. Rb1 Be7 11. Bc7 Bd8 12. Bf4 Qb6 13. b4 Be7 14. Na4 Qd8
15. c4 O-O 16. O-O h6 17. c5 Nd5 18. Be3 b5 19. Nc3 Nxe3 20. Qxe3 Nf6 21. Ne5
h5 22. Nxc6 Qd7 23. Nxe7+ Qxe7 24. Bxb5 Bf5 25. Rbc1 Qb7 26. a3 a5 27. bxa5
Rxa5 28. a4 Qc7 29. Bd3 Ng4 30. Qg3 Qxg3 31. fxg3 Bxd3 32. Rfd1 Ba6 33. Ne4 Bc8
34. Nd6 Rxa4 35. Rd3 Rd8 36. Rb3 Rxd4 37. Rb8 Kf8 38. Rxc8 Ke7 39. Rxd8 Kxd8
40. Nb5 Rd5 41. Nd6 f5 42. Re1 Ke7 43. Nc8+ Kf6 44. c6 Rc5 45. Na7 Ke7 46. Rb1
Kd8 47. h3 Ne5 48. Rb7 Nxc6 49. Nxc6+ Rxc6 50. Rxg7 Rc7 51. Rg6 Re7 52. Rh6 Rg7
53. Rxe6 Rxg3 54. Rf6 Rg5 55. Kf2 Ke7 56. Rh6 Kf7 57. h4 Rg4 58. Rxh5 Kg6 59.
Rh8 Kg7 60. Ra8 Rxh4 61. Kf3 Kg6 62. g3 Rg4 63. Ra5 Kg5 64. Rb5 Kg6 65. Rb8 Rg5
66. Rb7 Kh5 67. Rb6 1/2-1/2

[Event "CYCC U12 w"]
[Site "Calgary CAN"]
[Date "2023.07.21"]
[Round "5.59"]
[White "Vallabhajosyula, Vijaya"]
[Black "Doroshenko, Dasha"]
[Result "1-0"]
[WhiteElo "760"]
[BlackElo "1278"]
[PlyCount "81"]
[EventDate "2023.07.19"]
[EventType "swiss"]
[EventRounds "7"]
[EventCountry "CAN"]

1. g3 Nf6 2. Bg2 g6 3. Nf3 Bg7 4. O-O O-O 5. Nc3 d6 6. d3 Nbd7 7. Bd2 e5 8. Qc1
Nc5 9. Bh6 Be6 10. Bxg7 Kxg7 11. a3 h6 12. e4 Qd7 13. b4 Na6 14. d4 exd4 15.
Nxd4 Bh3 16. Nf3 Rae8 17. Re1 Bxg2 18. Kxg2 Qc6 19. Qb2 Kg8 20. b5 Qc4 21. bxa6
bxa6 22. Qb4 Qe6 23. e5 dxe5 24. Rxe5 Qc6 25. Rae1 Rxe5 26. Rxe5 g5 27. h3 Nd7
28. Rf5 Rb8 29. Qe7 Rf8 30. Kh2 Qxc3 31. Qxd7 Qxc2 32. Ne5 f6 33. Qe6+ Kg7 34.
Qe7+ Kg8 35. Rxf6 Rxf6 36. Qxf6 Qh7 37. Qd8+ Kg7 38. Qxc7+ Kg8 39. Qc4+ Kg7 40.
Qf7+ Kh8 41. Ng6+ 1-0

[Event "CYCC U12 w"]
[Site "Calgary CAN"]
[Date "2023.07.21"]
[Round "5.60"]
[White "Li, Yeeshuen"]
[Black "Maslov, Ayla"]
[Result "1-0"]
[WhiteElo "1251"]
[BlackElo "931"]
[PlyCount "65"]
[EventDate "2023.07.19"]
[EventType "swiss"]
[EventRounds "7"]
[EventCountry "CAN"]

1. e4 e5 2. Nf3 Nc6 3. Bc4 Bc5 4. O-O Nf6 5. d4 Bxd4 6. Nxd4 Nxd4 7. f4 d6 8.
fxe5 dxe5 9. Bg5 Bg4 10. Qxg4 Nxg4 11. Bxf7+ Kd7 12. Bxd8 Raxd8 13. Bb3 Rhf8
14. Re1 Kc8 15. Nc3 Nxb3 16. axb3 a6 17. h3 Nf6 18. Ra5 Rfe8 19. Re2 Rd4 20.
Kf2 Re6 21. Ke3 b5 22. Kf3 b4 23. Nd5 Nxd5 24. Rxd5 c6 25. Rxd4 exd4 26. e5 c5
27. Ke4 Kd7 28. Kd5 Rc6 29. e6+ Kc7 30. e7 Rd6+ 31. Kxc5 Rc6+ 32. Kxb4 Rb6+ 33.
Ka4 1-0

[Event "CYCC U12 w"]
[Site "Calgary CAN"]
[Date "2023.07.21"]
[Round "5.61"]
[White "Nguyen, Katherine"]
[Black "Doroshenko, Sophia"]
[Result "0-1"]
[WhiteElo "921"]
[BlackElo "1128"]
[PlyCount "98"]
[EventDate "2023.07.19"]
[EventType "swiss"]
[EventRounds "7"]
[EventCountry "CAN"]

1. e4 c5 2. Nf3 d6 3. d3 Nf6 4. Be3 g6 5. g3 Bg7 6. Nc3 O-O 7. Bg2 Nc6 8. O-O
Bd7 9. Qd2 Qc8 10. Rfe1 Re8 11. Rad1 Bg4 12. Bg5 Nd4 13. Re3 h6 14. Bxf6 Bxf6
15. Rc1 Bxf3 16. Bxf3 Bg5 17. Qe1 Bxe3 18. Qxe3 Nxf3+ 19. Qxf3 e6 20. Qf4 Qd7
21. Qxh6 Qe7 22. Qe3 a6 23. Rd1 Qf6 24. Qe1 Rad8 25. b3 b5 26. a3 b4 27. axb4
cxb4 28. Na4 Rb8 29. Qe2 Kg7 30. d4 Rh8 31. Qxa6 Qf3 32. Qd3 Qh5 33. h4 g5 34.
Kf1 gxh4 35. gxh4 Qxh4 36. Qe3 Qg4 37. f3 Rh1+ 38. Ke2 Qg2+ 39. Kd3 Rxd1+ 40.
Kc4 Qxc2+ 41. Nc3 Rc8+ 42. Kb5 Qxc3 43. Qg5+ Kf8 44. Qh6+ Ke8 45. Qh8+ Kd7 46.
Qxc8+ Qxc8 47. f4 Qc7 48. Ka4 Qb7 49. d5 Ra1# 0-1

[Event "CYCC U12 w"]
[Site "Calgary CAN"]
[Date "2023.07.21"]
[Round "5.62"]
[White "Guo, Lynette"]
[Black "Wang, Angela"]
[Result "0-1"]
[WhiteElo "974"]
[BlackElo "871"]
[PlyCount "64"]
[EventDate "2023.07.19"]
[EventType "swiss"]
[EventRounds "7"]
[EventCountry "CAN"]

1. e4 e5 2. Nf3 Nc6 3. d4 exd4 4. Nxd4 Nf6 5. Nxc6 bxc6 6. Bd3 Bc5 7. O-O O-O
8. Bg5 d6 9. a3 h6 10. Bh4 Be6 11. Nc3 Re8 12. Be2 Qe7 13. b4 Bb6 14. Kh1 Rad8
15. f4 Bc8 16. Qe1 Bb7 17. Bd3 Qe6 18. Rb1 Rb8 19. Rb3 c5 20. Bxf6 Qxf6 21. Rf3
Qe6 22. Qe2 cxb4 23. axb4 Qf6 24. Bc4 Qd4 25. Rf1 Bxe4 26. Bd3 Bd5 27. Nb5 Rxe2
28. Nxd4 Bxg2+ 29. Kg1 Bxd4+ 30. Rf2 Rxf2 31. h4 Rd2+ 32. Kh2 Bd5+ 0-1

[Event "CYCC U12 w"]
[Site "Calgary CAN"]
[Date "2023.07.21"]
[Round "5.63"]
[White "Xiao, Stephanie"]
[Black "Chan, Allison"]
[Result "1-0"]
[WhiteElo "1129"]
[BlackElo "1081"]
[PlyCount "93"]
[EventDate "2023.07.19"]
[EventType "swiss"]
[EventRounds "7"]
[EventCountry "CAN"]

1. e4 e5 2. Nf3 Nc6 3. d4 exd4 4. Nxd4 Bc5 5. Nb3 Bb6 6. Nc3 Nf6 7. Bd3 O-O 8.
O-O d6 9. Bg5 h6 10. Bh4 Be6 11. Nd5 Bxd5 12. exd5 Ne5 13. Re1 c6 14. dxc6 bxc6
15. Be4 Rc8 16. Nd4 c5 17. Nb5 g5 18. Bg3 Ne8 19. Nxd6 Qxd6 20. Bxe5 Qe6 21.
Qd3 Nf6 22. Bf5 Qe7 23. Bxc8 Rxc8 24. Qh3 Rc6 25. Qxh6 Re6 26. Qxg5+ Kf8 27.
Kf1 Nd7 28. Bg7+ Ke8 29. Rxe6 Qxe6 30. Re1 Bd8 31. Rxe6+ fxe6 32. Qg6+ Ke7 33.
h4 e5 34. h5 Nf8 35. Qf6+ Kd7 36. Qxf8 c4 37. Bxe5 a6 38. Qd6+ Ke8 39. h6 c3
40. bxc3 Bg5 41. Qg6+ Kd7 42. Qxg5 a5 43. h7 Kc6 44. h8=Q a4 45. Qhf6+ Kd7 46.
Qgg7+ Ke8 47. Qff8# 1-0

[Event "CYCC U12 w"]
[Site "Calgary CAN"]
[Date "2023.07.21"]
[Round "5.64"]
[White "Xu, Joanne"]
[Black "He, Caelyn"]
[Result "1-0"]
[WhiteElo "438"]
[BlackElo "1025"]
[PlyCount "33"]
[EventDate "2023.07.19"]
[EventType "swiss"]
[EventRounds "7"]
[EventCountry "CAN"]

1. e4 e5 2. Nf3 Nc6 3. d4 exd4 4. Bc4 Nf6 5. e5 Ng4 6. O-O Ngxe5 7. Nxe5 Nxe5
8. Qxd4 Nc6 9. Qd5 Qf6 10. Nc3 Bd6 11. Ne4 Qg6 12. Bd3 Nb4 13. Nxd6+ Qxd6 14.
Re1+ Kf8 15. Qe4 Kg8 16. Qe8+ Qf8 17. Re7 1-0

[Event "CYCC U12 w"]
[Site "Calgary CAN"]
[Date "2023.07.21"]
[Round "6.54"]
[White "Wang, April"]
[Black "Deepak, Laksshana"]
[Result "0-1"]
[WhiteElo "1287"]
[BlackElo "1681"]
[PlyCount "106"]
[EventDate "2023.07.19"]
[EventType "swiss"]
[EventRounds "7"]
[EventCountry "CAN"]

1. d4 Nf6 2. Bf4 g6 3. Nf3 Bg7 4. c4 d5 5. e3 O-O 6. Nc3 c6 7. Qb3 b6 8. Be2
Bb7 9. O-O Nh5 10. Bg3 Nxg3 11. hxg3 e6 12. c5 Nd7 13. Na4 Rb8 14. Qc2 Qe7 15.
Rac1 b5 16. Nc3 b4 17. Nb1 e5 18. dxe5 Nxe5 19. Qa4 Nxf3+ 20. Bxf3 Bxb2 21. Rc2
Be5 22. Qxb4 Ba6 23. Qe1 Bd3 24. Rc1 Bxf1 25. Kxf1 Rb2 26. a3 Rfb8 27. Nc3 Qxc5
28. Ne2 Qb5 29. Kg1 Rb1 30. Rxb1 Qxb1 31. Qxb1 Rxb1+ 32. Kh2 Ra1 33. Ng1 Rxa3
34. Bg4 c5 35. Bd7 c4 36. Nf3 c3 37. Ne1 Ra2 38. Bc6 c2 39. Nxc2 Rxc2 40. Bxd5
Rxf2 41. e4 a5 42. Bb3 Rb2 43. Bd1 Rb4 44. Kh3 a4 45. Bxa4 Rxa4 46. g4 Rxe4 47.
Kh4 h5 48. g3 Re2 49. Kh3 Kg7 50. Kh4 Kh6 51. Kh3 Rf2 52. gxh5 gxh5 53. g4 Rh2#
0-1

[Event "CYCC U12 w"]
[Site "Calgary CAN"]
[Date "2023.07.21"]
[Round "6.55"]
[White "Zhao, Erin"]
[Black "Chen, Rae"]
[Result "0-1"]
[WhiteElo "1613"]
[BlackElo "1548"]
[PlyCount "108"]
[EventDate "2023.07.19"]
[EventType "swiss"]
[EventRounds "7"]
[EventCountry "CAN"]

1. e4 d6 2. d4 Nf6 3. Nc3 c6 4. Nf3 Qa5 5. Bd2 e5 6. Nd5 Qd8 7. Nxf6+ Qxf6 8.
Bg5 Qg6 9. Qd3 f6 10. Be3 Be6 11. a3 Nd7 12. O-O-O Be7 13. dxe5 dxe5 14. Nd2
Nc5 15. Bxc5 Bxc5 16. Nc4 O-O 17. Qe2 Rfd8 18. f3 Qf7 19. Nd2 Kh8 20. g3 Qf8
21. Nb1 Rxd1+ 22. Kxd1 Rd8+ 23. Kc1 b5 24. Qe1 g6 25. h4 Qh6+ 26. Nd2 Rxd2 27.
Kb1 Bf2 28. Qc1 Qe3 29. c3 Bb3 30. Bh3 Qd3+ 31. Ka1 Rd1 32. Rxd1 Qxd1 33. Qxd1
Bxd1 34. Bd7 Bxf3 35. Bxc6 Be2 36. a4 a6 37. a5 Bxg3 38. Bb7 b4 39. cxb4 f5 40.
exf5 gxf5 41. Bc6 e4 42. Ka2 e3 43. Ka3 Bb5 44. Bxb5 axb5 45. a6 Bb8 46. h5 e2
47. h6 e1=Q 48. a7 Bxa7 49. Kb3 Bd4 50. Kc2 Qe2+ 51. Kc1 Qxb2+ 52. Kd1 Be3 53.
Ke1 Qf2+ 54. Kd1 Qd2# 0-1

[Event "CYCC U12 w"]
[Site "Calgary CAN"]
[Date "2023.07.21"]
[Round "6.56"]
[White "Chen, Shuang"]
[Black "Leung, Katherine"]
[Result "1-0"]
[WhiteElo "1576"]
[BlackElo "873"]
[PlyCount "77"]
[EventDate "2023.07.19"]
[EventType "swiss"]
[EventRounds "7"]
[EventCountry "CAN"]

1. e4 c5 2. Nf3 g6 3. c3 Nc6 4. Bb5 Bg7 5. O-O d6 6. d4 cxd4 7. cxd4 Bd7 8. Nc3
a6 9. Ba4 b5 10. Bc2 Nf6 11. Bg5 O-O 12. h3 Nb4 13. Bb3 Rc8 14. a3 Nc6 15. Rc1
Na5 16. Ba2 Nc4 17. Qe2 Re8 18. a4 Kh8 19. axb5 axb5 20. Nxb5 Bxb5 21. Bxc4
Bxc4 22. Rxc4 Rf8 23. e5 dxe5 24. dxe5 Nd7 25. Rxc8 Qxc8 26. Bxe7 Re8 27. Bd6
Qc6 28. Rd1 Kg8 29. b4 Bf8 30. Qd3 Nb6 31. b5 Qb7 32. Ng5 Bh6 33. Ne4 Kh8 34.
Nf6 Rc8 35. Qg3 Rc4 36. Ba3 Bf4 37. Rd8+ Kg7 38. Rg8+ Kh6 39. Qh4# 1-0

[Event "CYCC U12 w"]
[Site "Calgary CAN"]
[Date "2023.07.21"]
[Round "6.57"]
[White "Doroshenko, Sophia"]
[Black "Guan, Marie"]
[Result "1/2-1/2"]
[WhiteElo "1128"]
[BlackElo "1291"]
[PlyCount "47"]
[EventDate "2023.07.19"]
[EventType "swiss"]
[EventRounds "7"]
[EventCountry "CAN"]

1. e4 e6 2. d3 d5 3. Nd2 Nf6 4. Ngf3 c5 5. g3 d4 6. Bg2 Nc6 7. O-O e5 8. Nc4
Nd7 9. a4 f6 10. Nh4 g6 11. Nf3 g5 12. c3 h5 13. h4 gxh4 14. Nxh4 Nb6 15. Bf3
Kd7 16. Qb3 Kc7 17. Nxb6 axb6 18. Qf7+ Kb8 19. Ng6 dxc3 20. Nxh8 Qxd3 21. Qxf8
Qxf3 22. Qd6+ Ka7 23. Qd1 Qxe4 24. Qe1 1/2-1/2

[Event "CYCC U12 w"]
[Site "Calgary CAN"]
[Date "2023.07.21"]
[Round "6.58"]
[White "Wangluo, Joanne"]
[Black "Li, Yeeshuen"]
[Result "1/2-1/2"]
[WhiteElo "799"]
[BlackElo "1251"]
[PlyCount "65"]
[EventDate "2023.07.19"]
[EventType "swiss"]
[EventRounds "7"]
[EventCountry "CAN"]

1. d4 d5 2. Nf3 Bf5 3. Bf4 e6 4. e3 Nf6 5. Bd3 Bg6 6. c3 Bd6 7. Bg3 Ne4 8. Qc2
Nxg3 9. hxg3 Nd7 10. Bxg6 fxg6 11. Rxh7 Kf7 12. Rxh8 Qxh8 13. Nbd2 Qh1+ 14. Nf1
Qxg2 15. Qxg6+ Kxg6 16. Nh4+ Kh6 17. Nxg2 e5 18. dxe5 Bxe5 19. O-O-O Nb6 20.
Nh2 Bd6 21. Nh4 Rf8 22. Re1 Kh5 23. f4 g6 24. N4f3 Re8 25. Nd2 Bc5 26. e4 Bf2
27. g4+ Kh4 28. Re2 Bg3 29. Ndf3+ Kh3 30. Ng5+ Kh4 31. Ngf3+ Kh3 32. Ng5+ Kh4
33. Ngf3+ 1/2-1/2

[Event "CYCC U12 w"]
[Site "Calgary CAN"]
[Date "2023.07.21"]
[Round "6.59"]
[White "Wang, Caitlin"]
[Black "Vallabhajosyula, Vijaya"]
[Result "1/2-1/2"]
[WhiteElo "1150"]
[BlackElo "760"]
[PlyCount "117"]
[EventDate "2023.07.19"]
[EventType "swiss"]
[EventRounds "7"]
[EventCountry "CAN"]

1. e4 g6 2. d4 Bg7 3. Nf3 d6 4. h3 Nf6 5. Nc3 a6 6. Bf4 Bd7 7. Bc4 b5 8. Bd3
O-O 9. a3 Re8 10. O-O Bc6 11. Re1 Nbd7 12. b4 e5 13. Bg3 Qc8 14. d5 Bb7 15. a4
c6 16. axb5 axb5 17. Rxa8 Qxa8 18. dxc6 Bxc6 19. Bxb5 Bxb5 20. Nxb5 Qb8 21.
Nxd6 Re6 22. Nc4 Qb5 23. Qd3 Qxb4 24. c3 Qb5 25. Rb1 Qa6 26. Ncxe5 Qxd3 27.
Nxd3 Nxe4 28. c4 Nxg3 29. fxg3 Rc6 30. Rc1 Bf8 31. Nde5 Bc5+ 32. Kf1 Nxe5 33.
Nxe5 Rf6+ 34. Nf3 Ra6 35. g4 Ra2 36. Rb1 Rf2+ 37. Ke1 Rxg2 38. Rb8+ Kg7 39. Rc8
Bb4+ 40. Kd1 Rg3 41. Ne5 Rg1+ 42. Kc2 Bd6 43. Nd7 Rh1 44. c5 Rh2+ 45. Kb3 Rxh3+
46. Kc4 Bxc5 47. Rxc5 h5 48. g5 Rf3 49. Nf6 Rf5 50. Rxf5 gxf5 51. Nxh5+ Kg6 52.
Ng3 Kxg5 53. Nf1 f4 54. Kd3 f5 55. Ke2 Kg4 56. Kf2 f3 57. Ne3+ Kf4 58. Nxf5
Kxf5 59. Kxf3 1/2-1/2

[Event "CYCC U12 w"]
[Site "Calgary CAN"]
[Date "2023.07.21"]
[Round "6.60"]
[White "Wang, Angela"]
[Black "Guan, Isabelle"]
[Result "1-0"]
[WhiteElo "871"]
[BlackElo "1406"]
[PlyCount "187"]
[EventDate "2023.07.19"]
[EventType "swiss"]
[EventRounds "7"]
[EventCountry "CAN"]

1. e4 e5 2. Nf3 Nc6 3. Nc3 Nf6 4. Bc4 Bc5 5. O-O d6 6. h3 Be6 7. Bxe6 fxe6 8.
d3 Qd7 9. a3 O-O-O 10. b4 Bb6 11. Rb1 h6 12. Qe2 g5 13. Nh2 Nh7 14. Be3 d5 15.
exd5 exd5 16. Bxb6 cxb6 17. b5 Ne7 18. Qxe5 Ng6 19. Qe1 Qc7 20. Nxd5 Qd7 21. c4
Nf4 22. Nxf4 gxf4 23. Rd1 Rhg8 24. Kh1 Ng5 25. h4 Ne6 26. Qe4 Rde8 27. Qd5 Qg7
28. Rde1 Nc7 29. Rxe8+ Rxe8 30. Qf5+ Kb8 31. Qg4 Qc3 32. Qxf4 Qxd3 33. a4 Qc2
34. Rc1 Qxa4 35. Qxh6 Qa3 36. Nf3 Qb2 37. Qd2 Qh8 38. Qc3 Qh6 39. Rd1 a6 40.
bxa6 bxa6 41. Rb1 Qg6 42. Qb2 Ka7 43. c5 b5 44. Rd1 Rg8 45. Ng5 Qh5 46. Nf3 Qg4
47. Rg1 Nd5 48. Qd4 Qh5 49. Qe5 Qf7 50. Rd1 Nf4 51. g3 Ng6 52. Qd5 Qf8 53. Qd7+
Ka8 54. Qc6+ Kb8 55. Qd6+ Kb7 56. Qxf8 Rxf8 57. Kg2 Kc6 58. Rc1 b4 59. Nd4+ Kd5
60. Nb3 Ra8 61. Na5 Ne7 62. c6 Rc8 63. Rb1 Kc5 64. Nb7+ Kxc6 65. Rxb4 Nd5 66.
Rb2 Kc7 67. Nc5 a5 68. Ra2 Kb6 69. Nb3 Ra8 70. Rxa5 Rxa5 71. Nxa5 Kxa5 72. h5
Nf6 73. h6 Kb6 74. g4 Nh7 75. f4 Kc6 76. g5 Nf8 77. f5 Kd6 78. g6 Ke7 79. h7
Nxh7 80. gxh7 Kf6 81. h8=Q+ Kxf5 82. Qd4 Ke6 83. Qc5 Kf6 84. Qd5 Ke7 85. Qc6
Kf7 86. Qd6 Ke8 87. Qc7 Kf8 88. Qd7 Kg8 89. Qe7 Kh8 90. Kg3 Kg8 91. Kg4 Kh8 92.
Kg5 Kg8 93. Kg6 Kh8 94. Qh7# 1-0